| 000 | 00692nam a2200229 a 4500 | ||
|---|---|---|---|
| 001 | BRCA_7589 | ||
| 005 | 20190320205912.0 | ||
| 008 | 210613s1950----nyua######---#000-0#eng-# | ||
| 041 | _aeng | ||
| 044 | _anyu | ||
| 050 | 4 |
_aND813.T4 _b.B76 1950 |
|
| 100 | 1 |
_aBronstein, Leo _918722 |
|
| 245 | 1 | 0 |
_aEl Greco _b(Domenicos Theotocopoulos) _ctext by Leo Bronstein. |
| 260 |
_aNueva York _bH. N. Abrams _cc1950 |
||
| 300 |
_a126 p. _bil. (algunas a color), 95 láminas _c32 cm. |
||
| 440 | 0 |
_aLibrary of great painters _918723 |
|
| 500 | _aS95 | ||
| 600 | 1 | 4 |
_aTheotocopulli, Dominico, llamado _cEl Greco _dm. 1614 _918724 |
| 650 | 1 | 4 |
_aPintores españoles _97620 |
| 902 | _aGFM | ||
| 942 |
_2lcc _cB |
||
| 999 |
_c7263 _d7263 |
||